<?xml version="1.0" encoding="UTF-8"?><?xml-stylesheet type="text/xsl" href="static/style.xsl"?><OAI-PMH xmlns="http://www.openarchives.org/OAI/2.0/" xmlns:xsi="http://www.w3.org/2001/XMLSchema-instance" xsi:schemaLocation="http://www.openarchives.org/OAI/2.0/ http://www.openarchives.org/OAI/2.0/OAI-PMH.xsd"><responseDate>2026-04-27T20:11:58Z</responseDate><request verb="GetRecord" identifier="oai:uvadoc.uva.es:10324/62065" metadataPrefix="marc">https://uvadoc.uva.es/oai/request</request><GetRecord><record><header><identifier>oai:uvadoc.uva.es:10324/62065</identifier><datestamp>2023-10-18T19:02:33Z</datestamp><setSpec>com_10324_38</setSpec><setSpec>col_10324_852</setSpec></header><metadata><record xmlns="http://www.loc.gov/MARC21/slim" xmlns:doc="http://www.lyncode.com/xoai" xmlns:xsi="http://www.w3.org/2001/XMLSchema-instance" xmlns:dcterms="http://purl.org/dc/terms/" xsi:schemaLocation="http://www.loc.gov/MARC21/slim http://www.loc.gov/standards/marcxml/schema/MARC21slim.xsd">
<leader>00925njm 22002777a 4500</leader>
<datafield tag="042" ind1=" " ind2=" ">
<subfield code="a">dc</subfield>
</datafield>
<datafield tag="720" ind1=" " ind2=" ">
<subfield code="a">Martínez Herrero, Sandra</subfield>
<subfield code="e">author</subfield>
</datafield>
<datafield tag="260" ind1=" " ind2=" ">
<subfield code="c">2023</subfield>
</datafield>
<datafield tag="520" ind1=" " ind2=" ">
<subfield code="a">En el presente Trabajo Fin de Grado se desarrolla una propuesta didáctica dirigida al segundo ciclo de Educación Infantil, concretamente para la edad de 3 años.&#xd;
La base teórica en la que se fundamenta se investiga y se aportan datos sobre los hábitos, cada vez menos saludables, que priman en la población, causando un aumento de los casos de obesidad infantil. Asimismo, se analiza cómo la publicidad y la desinformación, presentes en la sociedad, influyen en el modo de llevar un estilo de vida saludable.&#xd;
La propuesta consta de diferentes actuaciones que abarcan contenidos sobre la alimentación, las emociones y la higiene, pero siempre teniendo en cuenta los saberes básicos que deben predominar en esta etapa. Además, se ha añadido un proyecto orientado a las familias, constituido por talleres formativos.</subfield>
</datafield>
<datafield tag="520" ind1=" " ind2=" ">
<subfield code="a">This Final Degree Project develops an educational proposal aimed at the second stage of Infant Education, specifically for the age of three years.&#xd;
The theoretical basis on which it is based investigates and provides data on habits, which are less and less healthy, that prevail in the population, causing an increase in cases of childhood obesity. Also, it analyses how publicity and disinformation, present in society, influence the way of leading a healthy lifestyle.&#xd;
The proposal is formed by different activities which include contents about diet, emotions and personal hygiene, but always taking into account the basic knowledge which have to prevail in this stage. In addition, a family-oriented project has been added, consisting of formative courses.</subfield>
</datafield>
<datafield tag="024" ind2=" " ind1="8">
<subfield code="a">https://uvadoc.uva.es/handle/10324/62065</subfield>
</datafield>
<datafield tag="245" ind1="0" ind2="0">
<subfield code="a">Influencia de la publicidad en los hábitos de vida. Propuesta de intervención para el 2º ciclo de Educación Infantil - 3 años</subfield>
</datafield>
</record></metadata></record></GetRecord></OAI-PMH>